000 00659nam a2200181 a 4500
001 BRCA_1395
005 20190320203417.0
008 750619s1968 mx-a---###---#000-0#spa-#
050 4 _aNA760
_b.G66 1968
100 1 _aGonzález Galván, Manuel
_93020
245 1 0 _aDe Guatemala a Nicaragua
_bdiario del viaje de un estudiante de arte
_cManuel González Galván.
260 _aMéxico
_bUNAM. Instituto de Investigaciones Estéticas
_c1968
300 _a145 p.
_bil., láminas
_c24 cm.
500 _aIncluye índice de ilustraciones
650 1 4 _aArquitectura
_zAmérica Central
_94565
650 1 4 _aArquitectura colonial
_zAmérica Central
_94566
942 _2lcc
_cB
999 _c1257
_d1257